Nghiên cứu về tài sản trong Luật dân sự Việt Nam
Nội dung giới thiệu pháp luật về tài sản như bất động sản, tài sản vô hình, phân loại tài sản, quyền sử dụng đất và các quyền đối với tài sản, các hạn chế của các quyền sở hữu...
Sparad:
| Huvudupphovsman: | |
|---|---|
| Materialtyp: | Bok |
| Språk: | Undetermined |
| Publicerad: |
Thành phố Hồ Chí Minh
Trẻ
1999
|
| Ämnen: | |
| Taggar: |
Lägg till en tagg
Inga taggar, Lägg till första taggen!
|
| Thư viện lưu trữ: | Trung tâm Học liệu Trường Đại học Cần Thơ |
|---|
| LEADER | 01016nam a2200217Ia 4500 | ||
|---|---|---|---|
| 001 | CTU_36649 | ||
| 008 | 210402s9999 xx 000 0 und d | ||
| 020 | |c 33000 | ||
| 082 | |a 346.04 | ||
| 082 | |b Đ305 | ||
| 100 | |a Nguyễn, Ngọc Điện | ||
| 245 | 0 | |a Nghiên cứu về tài sản trong Luật dân sự Việt Nam | |
| 245 | 0 | |c Nguyễn Ngọc Điện | |
| 260 | |a Thành phố Hồ Chí Minh | ||
| 260 | |b Trẻ | ||
| 260 | |c 1999 | ||
| 520 | |a Nội dung giới thiệu pháp luật về tài sản như bất động sản, tài sản vô hình, phân loại tài sản, quyền sử dụng đất và các quyền đối với tài sản, các hạn chế của các quyền sở hữu... | ||
| 650 | |a Civil law (vietnamese law),Right of property | ||
| 650 | |x Luật dân sự (Việt Nam),Quyền tài sản | ||
| 904 | |i Minh, Q. Hiếu (sửa) | ||
| 980 | |a Trung tâm Học liệu Trường Đại học Cần Thơ | ||